000
00262nam a2200109Ia 4500
008
230907s9999||||xx |||||||||||||| ||und||
082
_a
515
_b
STE
100
_a
Stewart, James,
_9
103056
245
0
_a
Single variable calculus /
300
_a
pages cm
942
_c
BK
999
_c
600706
_d
600706